| 000 | 01175cam a2200313 a 4500 | ||
|---|---|---|---|
| 001 | 10850353 | ||
| 003 | ASAB | ||
| 005 | 20180827062644.0 | ||
| 006 | m d | ||
| 007 | cr n | ||
| 008 | 911127s1992 caua s 001 0 eng d | ||
| 020 | _a0124805582 (alk. paper) | ||
| 035 | _a(WaSeSS)ssj0000785905 | ||
| 040 |
_aDLC _cASAB _dDLC _dWaSeSS |
||
| 050 | 4 |
_aQR351 _b.M35 1992 |
|
| 082 | 0 | 0 |
_a581.2/34 _220 |
| 100 | 1 |
_aMatthews, R. E. F. _q(Richard Ellis Ford), _d1921- _91977 |
|
| 210 | 1 | 0 | _aFundamentals of plant virology |
| 245 | 1 | 0 |
_aFundamentals of plant virology _cR.E.F. Matthews. |
| 260 |
_aSan Diego : _bAcademic Press, _cc1992. |
||
| 300 | _a403 P. | ||
| 504 | _aIncludes bibliographical references (p. 387-394) and index. | ||
| 506 | _aLicense restrictions may limit access. | ||
| 650 | 0 |
_aPlant viruses. _91978 |
|
| 773 | 0 | _teBook - Biochemistry, Genetics and Molecular Biology (Legacy 1) [EBCBGMBL1] | |
| 856 | 4 | 0 |
_uhttp://www.columbia.edu/cgi-bin/cul/resolve?clio10850353 _zFull text available from eBook - Biochemistry, Genetics and Molecular Biology (Legacy 1) [EBCBGMBL1] |
| 910 | _aLibrary of Congress record | ||
| 942 |
_2ddc _cBK |
||
| 999 |
_c480148 _d480148 |
||